000 01498 a2200241 4500
003 Nust
005 20220815144130.0
010 _a 98039250
020 _a0070381852 (hardcover)
020 _a0070381860 (softcover)
040 _cNust
082 0 0 _a621.3815,LEN
100 1 _aLenk, John D.
_957741
245 0 0 _aCircuit troubleshooting handbook
_cJohn D. Lenk.
260 _aNew York :
_bMcGraw-Hill,
_cc1999.
300 _axv, 390 p. :
_bill. ;
_c25 cm.
505 _aOp –amp Circuits Troubleshooting (Page-1), OTA Circuits Troubleshooting (Page -69), Current Feedback Amplifier Circuits Troubleshooting (Page-79), Shopper Stabilized Amplifier Circuits Troubleshooting (Page-103),Wideband Tran conductance Amplifier Circuits Troubleshooting (Page-119), Audio Amplifier Circuits Troubleshooting (Page- 133), Linear Supply Circuits Troubleshooting (Page-185), Swathing Supply Circuits Troubleshooting (Page-239),Charge Pump Circuits Troubleshooting (Page-275),Data Converter Circuits Troubleshooting (Page-287),Voltage Frequency Converter Circuits Troubleshooting (Page-329), Oscillator /Generator Circuits Troubleshooting (Page-361).
650 0 _aTelecommunication Engineering.
856 4 2 _3Contributor biographical information
_uhttp://www.loc.gov/catdir/bios/mh041/98039250.html
856 4 2 _3Publisher description
_uhttp://www.loc.gov/catdir/description/mh023/98039250.html
856 4 2 _3Table of contents
_uhttp://www.loc.gov/catdir/toc/mh022/98039250.html
942 _cREF
_2ddc
999 _c178589
_d178589